Hỏi - đáp sự cố máy tính và phần mềm thông dụng
Sách giới thiệu những thắc mắc, nguyên nhân và cách khắc phục những sự cố thường gặp nhất của người sử dụng máy tính từ cơ bản đến nâng cao. Sách gồm 6 chương, chương 1: hỏi đáp về phần cứng, chương 2: hỏi đáp hệ điều hành Window...
Enregistré dans:
| Auteur principal: | |
|---|---|
| Format: | Livre |
| Langue: | Undetermined |
| Publié: |
H.
Bưu điện
2007
|
| Sujets: | |
| Accès en ligne: | http://lrc.tdmu.edu.vn/opac/search/detail.asp?aID=2&ID=6841 |
| Tags: |
Ajouter un tag
Pas de tags, Soyez le premier à ajouter un tag!
|
| Thư viện lưu trữ: | Trung tâm Học liệu Trường Đại học Thủ Dầu Một |
|---|
| LEADER | 01283nam a2200205Ia 4500 | ||
|---|---|---|---|
| 001 | TDMU_6841 | ||
| 008 | 210410s9999 xx 000 0 und d | ||
| 082 | |a 004.076 | ||
| 090 | |b D561 | ||
| 100 | |a Dương Trần Đức | ||
| 245 | 0 | |a Hỏi - đáp sự cố máy tính và phần mềm thông dụng | |
| 245 | 0 | |c ThS. Dương Trần Đức | |
| 260 | |a H. | ||
| 260 | |b Bưu điện | ||
| 260 | |c 2007 | ||
| 300 | |a 228tr. | ||
| 520 | |a Sách giới thiệu những thắc mắc, nguyên nhân và cách khắc phục những sự cố thường gặp nhất của người sử dụng máy tính từ cơ bản đến nâng cao. Sách gồm 6 chương, chương 1: hỏi đáp về phần cứng, chương 2: hỏi đáp hệ điều hành Windows XP, chương 3: hỏi đáp trình duyệt web, chương 4 và 5: hỏi đáp về phần mềm văn bản MS Word, Excel, chương 6: hỏi đáp vi rút máy tính. | ||
| 650 | |a Sự cố máy tính - Hỏi đáp; Phần mềm máy tính - Hỏi đáp | ||
| 856 | |u http://lrc.tdmu.edu.vn/opac/search/detail.asp?aID=2&ID=6841 | ||
| 980 | |a Trung tâm Học liệu Trường Đại học Thủ Dầu Một | ||